000 00536nam a2200193Ia 4500
005 20250508150628.0
008 008 250505s9999 xx 000 0 eng d
037 _aTextual
040 _aFEDL
_beng
_cFEDL
041 _aeng
_2eng
084 _a157.224, WOL
_qFEDL
100 _aWolff Charlotte
_983650
245 0 _aPsychology of gesture
260 _aLondon, UK
_bMethuen and Co. Ltd
_c1945
300 _axvii,225p.
650 _aAbnormal Psychology
942 _cTEXL
_h157.224, WOL
999 _c1324677
_d1324677